MARC details
| 000 -LEADER |
| campo de control de longitud fija |
00975nam a22002537a 4500 |
| 003 - IDENTIFICADOR DE NÚMERO DE CONTROL |
| campo de control |
OSt |
| 005 - FECHA Y HORA DE LA ÚLTIMA TRANSACCIÓN |
| campo de control |
20250912213154.0 |
| 008 - DATOS DE LONGITUD FIJA--INFORMACIÓN GENERAL |
| campo de control de longitud fija |
250912b |||||||| |||| 00| 0 eng d |
| 020 ## - NÚMERO INTERNACIONAL ESTÁNDAR DEL LIBRO |
| Número Internacional Estándar del Libro |
9580401780 |
| 040 ## - FUENTE DE CATALOGACIÓN |
| Centro catalogador/agencia de origen |
CO-UdeC |
| Lengua de catalogación |
spa |
| Centro/agencia transcriptor |
CO-UdeC |
| 041 1# - CÓDIGO DE IDIOMA |
| Código de lengua del texto/banda sonora o título independiente |
spa |
| Código de lengua original |
eng |
| 082 04 - NÚMERO DE LA CLASIFICACIÓN DECIMAL DEWEY |
| Número de clasificación |
070.43 |
| Número de ítem |
D697d |
| 100 1# - ENTRADA PRINCIPAL--NOMBRE DE PERSONA |
| Nombre de persona |
Donovan, Hedley |
| 240 ## - TÍTULO UNIFORME |
| Título uniforme |
Roosevelt to Reagan. A reposter's encounters with nine presidents. |
| Lenguaje de la obra |
Español |
| 245 ## - MENCIÓN DEL TÍTULO |
| Título |
De Roosevelt a Reagan : |
| Resto del título |
encuentros de un periodista con nueve presidentes / |
| Mención de responsabilidad, etc. |
Hedley Donovan ; traducción, Jorge Cárdenas Nannetti |
| 260 ## - PUBLICACIÓN, DISTRIBUCIÓN, ETC. |
| Lugar de publicación, distribución, etc. |
Bogotá : |
| Nombre del editor, distribuidor, etc. |
Norma, |
| Fecha de publicación, distribución, etc. |
c1986 |
| 300 ## - DESCRIPCIÓN FÍSICA |
| Extensión |
xvi, 447 p. ; |
| Dimensiones |
24 cm |
| 500 ## - NOTA GENERAL |
| Nota general |
Incluye datos biográficos y retrato del autor en tapa posterior |
| 500 ## - NOTA GENERAL |
| Nota general |
Incluye índice alfabético |
| 650 14 - PUNTO DE ACCESO ADICIONAL DE MATERIA--TÉRMINO DE MATERIA |
| Término de materia o nombre geográfico como elemento de entrada |
Presidentes |
| Subdivisión geográfica |
Estados Unidos |
| Subdivisión de forma |
Entrevistas |
| 651 24 - PUNTO DE ACCESO ADICIONAL DE MATERIA--NOMBRE GEOGRÁFICO |
| Nombre geográfico |
Estados UNidos |
| Subdivisión general |
Política y gobierno |
| Subdivisión cronológica |
1912-1988 |
| 700 ## - ENTRADA AGREGADA--NOMBRE PERSONAL |
| Nombre de persona |
Cárdenas Nannetti, Jorge, |
| Término indicativo de función/relación |
traductor |
| 942 ## - ELEMENTOS DE ENTRADA SECUNDARIOS (KOHA) |
| Fuente del sistema de clasificación o colocación |
Clasificación Decimal Dewey |
| Tipo de ítem Koha |
Libros |
| Parte de la signatura que corresponde a la clasificación (Parte de la clasificación) |
070.43 |
| Parte de la signatura que identifica el ejemplar (Parte del ítem) |
D687d |
| Suprimir en OPAC |
No |